[Event "Xtracon Chess Open 2019"]
[Site "Helsingor DEN"]
[Date "2019.07.23"]
[Round "5.140"]
[White "Larsen, Mette Dalsgaard"]
[Black "Rasmussen, Morten1"]
[Result "1-0"]
[WhiteElo "1637"]
[BlackElo "1816"]
[WhiteFideId "1430718"]
[BlackFideId "1410865"]
[EventDate "2019.07.20"]

1. d4 f5 2. c4 Nf6 3. Nf3 g6 4. e3 Bg7 5. Be2 d6 6. O-O O-O 7. Qc2 Qe8 8. d5 e5
9. dxe6 Bxe6 10. Nc3 h6 11. b3 Nbd7 12. Bb2 a5 13. Rad1 Nc5 14. Nd4 Bf7 15. Ndb5
Qe7 16. Bf3 Rad8 17. Nd5 Bxd5 18. Bxf6 Bxf6 19. Bxd5+ Kg7 20. Bf3 c6 21. Nc3
Rfe8 22. Rfe1 Ne4 23. Ne2 Rd7 24. Rd3 h5 25. g3 Kh6 26. h4 g5 27. hxg5+ Bxg5 28.
Kg2 Rh8 29. Rh1 Kg6 30. Nf4+ Bxf4 31. exf4 Qg7 32. Re3 d5 33. Rd3 Qf7 34. Qd1
Rh7 35. cxd5 cxd5 36. Bxh5+ Rxh5 37. Qxh5+ Kf6 38. Qxf7+ Kxf7 39. Rh7+ Ke6 40.
Rxd7 Kxd7 41. Rxd5+ 1-0

[Event "Xtracon Chess Open 2019"]
[Site "Helsingor DEN"]
[Date "2019.07.23"]
[Round "5.142"]
[White "Hansen, Tommy"]
[Black "Zheng, Harry Z"]
[Result "0-1"]
[WhiteElo "1799"]
[BlackElo "1597"]
[WhiteFideId "1511009"]
[BlackFideId "460982"]
[EventDate "2019.07.20"]

1. e4 e5 2. Nf3 Nc6 3. d4 exd4 4. Bc4 Nf6 5. e5 d5 6. Bb5 Ne4 7. Nxd4 Bd7 8.
Bxc6 bxc6 9. O-O Bc5 10. f3 Ng5 11. f4 Ne4 12. Be3 Bb6 13. Nd2 Nxd2 14. Qxd2 c5
15. Nf3 d4 16. Bf2 Bc6 17. a4 a5 18. Qd3 Qd5 19. b3 O-O-O 20. Bh4 Rd7 21. Rf2 h6
22. e6 Qxe6 23. Re1 Qd5 24. Ne5 Rd6 25. Nxc6 Qxc6 26. Re7 Rd7 27. Rfe2 Rxe7 28.
Rxe7 Qg6 29. Qxg6 fxg6 30. Rxg7 c4 31. Kf1 d3 32. cxd3 cxb3 33. Re7 Rf8 34. g4
Rxf4+ 35. Kg2 b2 36. Re1 Rxg4+ 37. Kh3 Rg1 0-1

[Event "Xtracon Chess Open 2019"]
[Site "Helsingor DEN"]
[Date "2019.07.23"]
[Round "5.143"]
[White "Halvorsen, Benjamin"]
[Black "Stromhaug, Kristoffer Wang"]
[Result "1-0"]
[WhiteElo "1789"]
[BlackElo "1566"]
[WhiteFideId "1516604"]
[BlackFideId "1533401"]
[EventDate "2019.07.20"]

1. e4 c5 2. Nf3 Nc6 3. g3 g6 4. Bg2 Bg7 5. O-O e6 6. c3 e5 7. d3 Nge7 8. Be3 d6
9. d4 b6 10. dxe5 dxe5 11. Qc1 O-O 12. Rd1 Qc7 13. Bh6 f6 14. Bxg7 Kxg7 15. Na3
Ba6 16. b4 Be2 17. Rd2 Bxf3 18. Bxf3 cxb4 19. cxb4 Rad8 20. Rc2 Qd7 21. Bg2 Nd4
22. Rb2 b5 23. Qf1 a6 24. Nc2 Nec6 25. Ne3 Ne7 26. Nc2 Nec6 27. Ne1 Rc8 28. Nd3
Ne6 29. Bh3 Ncd4 30. Nc5 Qc6 31. Rc1 Kf7 32. Rbb1 f5 33. Bg2 Nxc5 34. Rxc5 Qf6
35. Rbc1 Rxc5 36. Rxc5 f4 37. Qd1 Kg8 38. Qd2 f3 39. Bf1 Rd8 40. Qb2 Qg5 41. a3
Qg4 42. Rxe5 Ne2+ 43. Kh1 Rd1 44. Qb3+ 1-0

[Event "Xtracon Chess Open 2019"]
[Site "Helsingor DEN"]
[Date "2019.07.23"]
[Round "5.144"]
[White "Zierott, Jan"]
[Black "Gupta Nikhil"]
[Result "1-0"]
[WhiteElo "1783"]
[BlackElo "1528"]
[WhiteFideId "4679040"]
[BlackFideId "25697773"]
[EventDate "2019.07.20"]

1. d4 Nf6 2. Bg5 g6 3. Bxf6 exf6 4. g3 Bg7 5. Bg2 O-O 6. c4 d6 7. e3 Nc6 8. Nc3
Re8 9. Nge2 f5 10. O-O Bd7 11. Rc1 Rb8 12. Nd5 Ne7 13. Nxe7+ Qxe7 14. c5 dxc5
15. Rxc5 c6 16. Rc2 Rbd8 17. Nf4 Bc8 18. Nd3 h5 19. h4 Bf6 20. Rc3 Qd6 21. Qa4
a6 22. Qb3 Re7 23. Nf4 Kg7 24. Qb6 Be6 25. Nxe6+ fxe6 26. Rfc1 e5 27. Rxc6 bxc6
28. Rxc6 Qb8 29. Rxf6 Qxb6 30. Rxb6 exd4 31. exd4 Re1+ 32. Bf1 Rxd4 33. Kg2 a5
34. b3 Ra1 35. a4 Ra2 36. Bc4 Rdd2 37. Kf3 Rxf2+ 38. Ke3 Rfc2 39. Rb7+ Kf6 40.
Rf7+ Ke5 41. Re7+ Kd6 42. Re6+ Kc5 43. Rxg6 Rc3+ 44. Kf4 Rf2+ 45. Ke5 Re3+ 46.
Kf6 Re4 47. Rg5 Rg4 48. Rxh5 Kb4 49. Rxf5 Rh2 50. Rb5+ Kc3 51. Rxa5 Rxg3 52. h5
Rg4 53. Rg5 Rf4+ 54. Kg6 Rd2 55. h6 Rd6+ 56. Kh7 Rff6 57. Rg3+ Kb4 58. Rh3 Rd7+
59. Kh8 Rf8+ 60. Bg8 Rb7 61. h7 Kc5 62. Rd3 Kb4 63. Rd5 Ra7 64. Rb5+ Kc3 65. a5
Rd8 66. b4 Rc8 67. Rb6 Kd4 68. a6 Ke5 69. b5 Rcc7 70. Re6+ Kf5 71. b6 Rxh7+ 72.
Bxh7+ 1-0

[Event "Xtracon Chess Open 2019"]
[Site "Helsingor DEN"]
[Date "2019.07.23"]
[Round "5.145"]
[White "Nergard, Ole-Kristian"]
[Black "Manz, Andreas"]
[Result "1/2-1/2"]
[WhiteElo "1505"]
[BlackElo "1770"]
[WhiteFideId "1543156"]
[BlackFideId "24660108"]
[EventDate "2019.07.20"]

1. e4 e5 2. Nf3 Nf6 3. d4 Nxe4 4. Bd3 d5 5. Nxe5 Be7 6. Qf3 Nf6 7. Nc3 Be6 8.
O-O Nbd7 9. Nxd7 Qxd7 10. Bd2 O-O 11. Rfe1 c6 12. h3 Rae8 13. Ne2 Bd6 14. Bf4
Ne4 15. Bxd6 Qxd6 16. a4 a5 17. Qf4 Qxf4 18. Nxf4 Bf5 19. f3 Nd6 20. Kf2 Bxd3 1/2-1/2

[Event "Xtracon Chess Open 2019"]
[Site "Helsingor DEN"]
[Date "2019.07.23"]
[Round "5.146"]
[White "Huse, Arne Kjelsbol"]
[Black "Green, Per"]
[Result "0-1"]
[WhiteElo "1419"]
[BlackElo "1959"]
[WhiteFideId "1520709"]
[BlackFideId "1703811"]
[EventDate "2019.07.20"]

1. e4 e6 2. d4 d5 3. e5 c5 4. c3 Nc6 5. f4 Qb6 6. Nf3 Nh6 7. Bd3 Bd7 8. Bc2 cxd4
9. cxd4 Nb4 10. O-O Nxc2 11. Qxc2 Rc8 12. Nc3 Nf5 13. Qd3 h5 14. Rd1 Be7 15. a3
Rc4 16. Rb1 Nxd4 17. Nxd4 Rxd4 18. Qe3 Rxd1+ 19. Nxd1 Bc5 20. Kh1 Bxe3 21. Bxe3
d4 22. Bf2 Bc6 23. Rc1 O-O 24. Rc4 Rd8 25. h3 Qb3 26. Rc1 Qxh3+ 27. Kg1 Qxg2# 0-1

[Event "Xtracon Chess Open 2019"]
[Site "Helsingor DEN"]
[Date "2019.07.23"]
[Round "5.147"]
[White "Henriksen, Morgan"]
[Black "Ramkilde, Mikael"]
[Result "0-1"]
[WhiteElo "1683"]
[BlackElo "1957"]
[WhiteFideId "1510495"]
[BlackFideId "1439391"]
[EventDate "2019.07.20"]

1. d4 Nf6 2. c4 e6 3. Nc3 Bb4 4. e3 O-O 5. Bd3 c5 6. Nf3 Nc6 7. O-O Bxc3 8. bxc3
d6 9. Qe2 e5 10. dxe5 dxe5 11. e4 Qe7 12. h3 b6 13. Bg5 h6 14. Bh4 Ba6 15. Rad1
Na5 16. Nd2 g5 17. Bg3 Qe6 18. f3 Nh5 19. Bh2 Rad8 20. g4 Nf4 21. Bxf4 gxf4 22.
Kh2 Kh7 23. Rg1 Rd6 24. Bc2 Rfd8 25. Bb3 Rd3 26. Nb1 Rxd1 27. Rxd1 Rxd1 28. Qxd1
Bxc4 29. Bxc4 Qxc4 30. Na3 Qxa2+ 31. Nc2 Qb2 32. Qd2 Nb3 33. Qd3 Na1 0-1

[Event "Xtracon Chess Open 2019"]
[Site "Helsingor DEN"]
[Date "2019.07.23"]
[Round "5.148"]
[White "Werner, Jakob"]
[Black "Nielsen, Aage Sondergaard"]
[Result "0-1"]
[WhiteElo "1681"]
[BlackElo "1936"]
[WhiteFideId "1426850"]
[BlackFideId "1409859"]
[EventDate "2019.07.20"]

1. d4 e6 2. Nf3 d5 3. g3 c6 4. Bg2 Nd7 5. c4 Bd6 6. O-O f5 7. Nc3 Ngf6 8. a3 O-O
9. b4 Ne4 10. Qc2 Ndf6 11. Nd2 Bd7 12. c5 Bc7 13. f3 Nxc3 14. Qxc3 f4 15. Nb3
fxg3 16. hxg3 Bxg3 17. e4 Nh5 18. f4 Qh4 19. Rf3 Qh2+ 20. Kf1 dxe4 21. Rxg3
Nxg3+ 22. Kf2 Nh1+ 23. Kf1 e5 24. Bxh1 Bh3+ 25. Ke1 Qxh1+ 26. Kd2 Qg2+ 27. Ke1
Qf1+ 28. Kd2 Qf2+ 0-1

[Event "Xtracon Chess Open 2019"]
[Site "Helsingor DEN"]
[Date "2019.07.23"]
[Round "5.149"]
[White "Ben Porat, Tal"]
[Black "Hojgaard, Brandur"]
[Result "1/2-1/2"]
[WhiteElo "1928"]
[BlackElo "1683"]
[WhiteFideId "2804719"]
[BlackFideId "7201478"]
[EventDate "2019.07.20"]

1. e4 e5 2. Nf3 Nc6 3. Bb5 a6 4. Ba4 Nf6 5. O-O Nxe4 6. d4 b5 7. Bb3 d5 8. dxe5
Be6 9. Nbd2 Bc5 10. Nxe4 dxe4 11. Bxe6 fxe6 12. Qxd8+ Rxd8 13. Ng5 Bb6 14. Nxe6
Rd7 15. Ng5 O-O 16. Nxe4 Nxe5 17. h3 Re7 18. Bg5 Re6 19. Rae1 Nc4 20. Nf6+ Rexf6
21. Bxf6 Rxf6 22. Re2 Nxb2 23. Kh1 Nc4 24. g4 Kf7 25. Kg2 Re6 26. Rfe1 Rxe2 27.
Rxe2 h6 28. f4 Ne3+ 29. Kf3 Nc4 30. Ke4 Ke6 31. Kd3+ 1/2-1/2

[Event "Xtracon Chess Open 2019"]
[Site "Helsingor DEN"]
[Date "2019.07.23"]
[Round "5.152"]
[White "Satre, Roger"]
[Black "Pihl, William"]
[Result "1/2-1/2"]
[WhiteElo "1867"]
[BlackElo "1669"]
[WhiteFideId "1510320"]
[BlackFideId "1467310"]
[EventDate "2019.07.20"]

1. d4 d5 2. Nf3 Bf5 3. c4 e6 4. Nc3 Nc6 5. Qb3 Nb4 6. e4 dxe4 7. a3 exf3 8. axb4
Qxd4 9. Be3 Qd6 10. c5 Qe5 11. gxf3 Nf6 12. Bg2 c6 13. f4 Qc7 14. b5 Nd5 15. b6
Qb8 16. Qa4 Qd8 17. O-O Be7 18. Rfd1 O-O 19. bxa7 Qc7 20. Nxd5 exd5 21. b4 Bf6
22. Ra3 Rfd8 23. b5 Qd7 24. b6 1/2-1/2

[Event "Xtracon Chess Open 2019"]
[Site "Helsingor DEN"]
[Date "2019.07.23"]
[Round "5.153"]
[White "Willard, Hakan"]
[Black "Andersen, Daniel"]
[Result "0-1"]
[BlackTitle "FM"]
[WhiteElo "1614"]
[BlackElo "1864"]
[WhiteFideId "1733621"]
[BlackFideId "1402714"]
[EventDate "2019.07.20"]

1. e4 c5 2. Nc3 Nc6 3. g3 g6 4. Bg2 Bg7 5. d3 e6 6. f4 d6 7. Nf3 Nge7 8. O-O O-O
9. Be3 Nd4 10. Rb1 Rb8 11. Ne2 Nxe2+ 12. Qxe2 Qa5 13. a3 b5 14. Rfd1 b4 15. axb4
Qxb4 16. b3 a5 17. Qe1 Bb7 18. Bd2 Qb5 19. Bc3 Bxc3 20. Qxc3 Qb4 21. Qf6 Nc6 22.
f5 Nd4 23. Nxd4 Qxd4+ 24. Qxd4 cxd4 25. fxe6 fxe6 26. Rf1 Rxf1+ 27. Kxf1 Bc6 28.
Ra1 Rb5 29. Ke2 Kg7 30. Bf3 Kf6 31. e5+ 0-1

[Event "Xtracon Chess Open 2019"]
[Site "Helsingor DEN"]
[Date "2019.07.23"]
[Round "5.154"]
[White "Shehzad, Alisha"]
[Black "Hansen, Verner"]
[Result "0-1"]
[WhiteElo "1637"]
[BlackElo "1838"]
[WhiteFideId "1521926"]
[BlackFideId "1425285"]
[EventDate "2019.07.20"]

1. e4 e5 2. Nf3 Nc6 3. Nc3 Nf6 4. a3 d6 5. h3 Be7 6. d4 exd4 7. Nxd4 Nxd4 8.
Qxd4 O-O 9. Be2 Re8 10. O-O Bd7 11. f4 Bc6 12. Bf3 Nd7 13. Nd5 Bxd5 14. exd5 Bf6
15. Qd1 Nc5 16. Rb1 Qd7 17. Bd2 Ne4 18. Bxe4 Rxe4 19. Qf3 Bd4+ 20. Kh1 Rae8 21.
Rfe1 f5 22. Rxe4 fxe4 23. Qb3 e3 24. Be1 Bb6 25. Bg3 e2 26. c3 Re3 27. Bf2 Rxh3+
28. gxh3 Qxh3+ 29. Kg1 Qg3+ 30. Kh1 Qf3+ 31. Kh2 Qxf2+ 32. Kh3 Qf3+ 33. Kh2
Qxf4+ 34. Kh3 Qf5+ 35. Kh2 Qxb1 0-1

[Event "Xtracon Chess Open 2019"]
[Site "Helsingor DEN"]
[Date "2019.07.23"]
[Round "5.156"]
[White "Wagner, Frank"]
[Black "Olsen, Kim Alex"]
[Result "0-1"]
[WhiteElo "1810"]
[BlackElo "1651"]
[WhiteFideId "24624241"]
[BlackFideId "1406663"]
[EventDate "2019.07.20"]

1. Nf3 Nf6 2. g3 d5 3. Bg2 Bg4 4. d3 c6 5. Nbd2 e6 6. O-O Bc5 7. c4 O-O 8. a3 a5
9. d4 Be7 10. b3 c5 11. Bb2 Nc6 12. Re1 Bf5 13. e3 Rb8 14. Rc1 b6 15. h3 Bg6 16.
Nh4 Bh5 17. Nhf3 Ne4 18. Nxe4 dxe4 19. g4 Bg6 20. Ne5 Nxe5 21. dxe5 Qxd1 22.
Rexd1 Rfd8 23. Kf1 Rxd1+ 24. Rxd1 Rd8 25. Rxd8+ Bxd8 26. Ke2 f5 27. f3 exf3+ 28.
Bxf3 fxg4 29. Bxg4 Kf7 30. Kd2 Bf5 31. Bc3 Bxg4 32. hxg4 Kg6 33. Ke2 Kg5 34. Kf3
Kh4 35. b4 h5 36. gxh5 Kxh5 37. bxc5 bxc5 38. Be1 g5 39. Kg3 g4 40. Kg2 Kg5 41.
Bd2 Kf5 42. Kg3 Bc7 43. e4+ Kxe4 44. Kxg4 a4 45. Bg5 Bxe5 46. Be7 Bd4 47. Bd6 e5
48. Bc7 Kd3 49. Kf5 e4 0-1

[Event "Xtracon Chess Open 2019"]
[Site "Helsingor DEN"]
[Date "2019.07.23"]
[Round "5.157"]
[White "Nielsen, Palle"]
[Black "Eiding, Amanda Mai Irgens"]
[Result "1-0"]
[WhiteElo "1806"]
[BlackElo "1633"]
[WhiteFideId "1408526"]
[BlackFideId "1549499"]
[EventDate "2019.07.20"]

1. e4 c5 2. Nf3 Nc6 3. Nc3 g6 4. d4 cxd4 5. Nxd4 Bg7 6. Be3 Nf6 7. f3 O-O 8. Nb3
d6 9. Qd2 Re8 10. Bh6 Bh8 11. O-O-O a6 12. Be2 b5 13. g4 Na5 14. e5 Nxb3+ 15.
axb3 Nd7 16. exd6 Qa5 17. Kb1 exd6 18. Ne4 Qxd2 19. Rxd2 Be5 20. h4 Bb7 21. Nxd6
Bxd6 22. Rxd6 Rxe2 23. Rxd7 Bxf3 24. Rf1 Bxg4 25. Rdxf7 Ree8 26. Rg7+ Kh8 27.
Rff7 Re1+ 28. Ka2 Be6 29. Rxh7+ Kg8 30. Rfg7+ Kf8 31. Rh8+ Bg8 32. Rhxg8# 1-0

[Event "Xtracon Chess Open 2019"]
[Site "Helsingor DEN"]
[Date "2019.07.23"]
[Round "5.158"]
[White "Zheng, Jerry Z"]
[Black "Overmark, Ole"]
[Result "1/2-1/2"]
[WhiteElo "1553"]
[BlackElo "1765"]
[WhiteFideId "460990"]
[BlackFideId "1410776"]
[EventDate "2019.07.20"]

1. e4 e6 2. d4 d5 3. Nd2 c5 4. exd5 exd5 5. Ngf3 Nc6 6. Bb5 Bd7 7. Qe2+ Qe7 8.
dxc5 Qxe2+ 9. Bxe2 Bxc5 10. Nb3 Bd6 11. c3 Nf6 12. O-O O-O 13. Be3 Rfe8 14. Rfe1
b6 15. Rad1 h6 16. h3 Ne5 17. Bd4 Bc6 18. Kf1 Rad8 19. Nxe5 Bxe5 20. Bf3 Bb5+
21. Kg1 Bxd4 22. Rxe8+ Rxe8 23. Nxd4 Bd7 24. Nc2 Bf5 25. Ne3 Be4 26. Bxe4 dxe4 1/2-1/2

[Event "Xtracon Chess Open 2019"]
[Site "Helsingor DEN"]
[Date "2019.07.23"]
[Round "5.159"]
[White "Petersen, Rasmus"]
[Black "Borrmann, Laurenz"]
[Result "1/2-1/2"]
[WhiteElo "1745"]
[BlackElo "1623"]
[WhiteFideId "1448250"]
[BlackFideId "312187930"]
[EventDate "2019.07.20"]

1. d4 Nf6 2. c4 g6 3. Nc3 Bg7 4. e4 d6 5. Nf3 O-O 6. h3 c5 7. d5 e6 8. Be3 exd5
9. exd5 Na6 10. Be2 Bd7 11. Qd2 Re8 12. O-O Ne4 13. Nxe4 Rxe4 14. Bd3 Re8 15. a3
Rb8 16. Rab1 b5 1/2-1/2

[Event "Xtracon Chess Open 2019"]
[Site "Helsingor DEN"]
[Date "2019.07.23"]
[Round "5.160"]
[White "Lalla, Karol"]
[Black "Poulsen, Knud"]
[Result "1-0"]
[WhiteElo "1534"]
[BlackElo "1743"]
[WhiteFideId "12947407"]
[BlackFideId "1422324"]
[EventDate "2019.07.20"]

1. d4 Nf6 2. f4 e6 3. Nf3 Bb4+ 4. c3 Be7 5. e3 b6 6. Bd3 Bb7 7. Bd2 d6 8. O-O
Nbd7 9. Be1 Ng4 10. Qe2 h5 11. Nbd2 Nh6 12. Ng5 Nf6 13. Nde4 Nxe4 14. Nxe4 Nf5
15. Ng3 g6 16. Nxf5 gxf5 17. Bb5+ c6 18. Bd3 Qc7 19. Ba6 Bxa6 20. Qxa6 Kd7 21.
c4 Rab8 22. b4 Rhg8 23. b5 Bf6 24. bxc6+ Qxc6 25. Rf2 Qa8 26. Qb5+ Ke7 27. Rc1
Bh4 28. Re2 Bxe1 29. Rcxe1 a6 30. Qb1 Rg4 31. e4 Rbg8 32. Qc2 fxe4 33. d5 f5 34.
dxe6 Qc6 35. Qb2 Qc5+ 36. Kh1 Rxf4 37. Qd2 e3 38. Rxe3 Qxc4 39. Rd3 Qb4 40. Qc1
Rc4 41. Qd1 Re4 42. Rf1 Rf4 43. Re1 Rf2 44. Rg1 Qf4 45. Qxh5 Rg7 46. Rg3 Kf6 47.
Rxg7 Kxe6 48. Qf7+ Ke5 49. Re1+ Kd4 50. Qf6+ Kc4 51. Rc7+ Kb5 52. a4+ Kb4 53.
Qc3+ 1-0

[Event "Xtracon Chess Open 2019"]
[Site "Helsingor DEN"]
[Date "2019.07.23"]
[Round "5.161"]
[White "Fuchs, Jochen"]
[Black "Fjallheim, Benjamin Reinert"]
[Result "1-0"]
[WhiteElo "1742"]
[BlackElo "1612"]
[WhiteFideId "16243943"]
[BlackFideId "7202008"]
[EventDate "2019.07.20"]

1. Nf3 Nf6 2. b4 g6 3. Bb2 Bg7 4. e3 b6 5. Be2 Bb7 6. O-O Na6 7. b5 Nc5 8. c4
O-O 9. d4 Nfe4 10. Qc2 Ne6 11. Nbd2 f5 12. Qb3 g5 13. c5 bxc5 14. Nxe4 fxe4 15.
Nxg5 cxd4 16. exd4 Kh8 17. Nxe6 dxe6 18. Rac1 Bh6 19. d5+ Bg7 20. Bxg7+ Kxg7 21.
Qg3+ Kh8 22. Qe5+ Rf6 23. dxe6 Qd6 24. Qxd6 cxd6 25. Rc7 Bd5 26. Rxe7 Bxa2 27.
Ra1 Bxe6 28. Raxa7 Rxa7 29. Rxa7 Rf7 30. Ra6 Rc7 31. Rxd6 Rc1+ 32. Rd1 Rxd1+ 33.
Bxd1 Kg7 34. b6 Bc8 35. f3 exf3 36. Bxf3 Kf6 37. Kf2 Kg5 38. Ke3 h5 39. Kd4 h4
40. b7 Bxb7 41. Bxb7 h3 42. g3 1-0

[Event "Xtracon Chess Open 2019"]
[Site "Helsingor DEN"]
[Date "2019.07.23"]
[Round "5.162"]
[White "Norevall, Ulf"]
[Black "Narheim, Mats"]
[Result "1-0"]
[WhiteElo "1739"]
[BlackElo "1608"]
[WhiteFideId "1705555"]
[BlackFideId "1518607"]
[EventDate "2019.07.20"]

1. d4 Nf6 2. c4 d6 3. Nc3 g6 4. e4 Bg7 5. f3 O-O 6. Be3 a6 7. Qd2 c6 8. Bd3 b5
9. Nge2 Nbd7 10. O-O Bb7 11. Rac1 e5 12. cxb5 axb5 13. b4 Nb6 14. Rfd1 Nfd7 15.
Bh6 exd4 16. Bxg7 Kxg7 17. Nxd4 Ne5 18. Bb1 Nbc4 19. Qf2 Qe7 20. Re1 Rfd8 21. f4
Nd7 22. Qg3 Re8 23. Nf5+ 1-0

[Event "Xtracon Chess Open 2019"]
[Site "Helsingor DEN"]
[Date "2019.07.23"]
[Round "5.163"]
[White "Brokso, Kim"]
[Black "Tummasarson, Flovin M."]
[Result "1-0"]
[WhiteElo "1732"]
[BlackElo "1561"]
[WhiteFideId "1441477"]
[BlackFideId "7202431"]
[EventDate "2019.07.20"]

1. e4 e5 2. Bc4 Nf6 3. d3 Bc5 4. h3 d6 5. c3 Bb6 6. a4 a6 7. b4 Be6 8. Ba2 O-O
9. Nf3 Nbd7 10. O-O c6 11. Re1 Re8 12. Na3 Nf8 13. Nc4 Bc7 14. a5 Ng6 15. Ng5
Bxc4 16. Bxc4 d5 17. exd5 Nxd5 18. Qf3 Rf8 19. Ne4 f5 20. Nc5 Nh4 21. Qh5 g6 22.
Qg5 f4 23. Qxd8 Rfxd8 24. Nxb7 Rf8 25. Nc5 Kg7 26. Ne6+ Kh8 27. Bxd5 cxd5 28.
Nxc7 1-0

[Event "Xtracon Chess Open 2019"]
[Site "Helsingor DEN"]
[Date "2019.07.23"]
[Round "5.164"]
[White "Horslund, Mikael"]
[Black "Eiholt, Bjarne"]
[Result "1-0"]
[WhiteElo "1716"]
[BlackElo "1558"]
[WhiteFideId "1421042"]
[BlackFideId "1411225"]
[EventDate "2019.07.20"]

1. c4 c6 2. Nf3 d5 3. d4 Nf6 4. e3 e6 5. b3 Bd6 6. Bd3 O-O 7. O-O Nbd7 8. Bb2
Re8 9. Nbd2 Qc7 10. e4 dxe4 11. Nxe4 Nxe4 12. Bxe4 Nf6 13. Bc2 Qa5 14. Ne5 Ba3
15. Bc1 Bxc1 16. Rxc1 Bd7 17. Qd3 Rad8 18. b4 Qc7 19. h3 Bc8 20. Ng4 Nxg4 21.
Qxh7+ Kf8 22. hxg4 Ke7 23. Qe4 Rh8 24. Rfd1 Rh6 25. g5 Rh2 26. f4 Rh4 27. g3 Rh3
28. Kg2 Rdh8 29. Bb3 b6 30. Qe5 Rh2+ 31. Kf3 Qxe5 32. dxe5 c5 33. bxc5 bxc5 34.
Rd3 Bb7+ 35. Kg4 Be4 36. Re3 Bc6 37. Rd1 Rd8 38. Rxd8 Kxd8 39. g6 fxg6 40. Kg5
Be8 41. Rd3+ Kc7 42. Rd6 Kb7 43. Rd8 Bc6 44. Kxg6 Rg2 45. Kxg7 Rxg3+ 46. Kf6 Rf3
47. Kg5 Rg3+ 48. Kh4 Rf3 49. Kg4 Rf2 50. Rf8 Be4 51. Rf7+ Kb6 52. Kg5 Rg2+ 53.
Kf6 Bf5 54. Ke7 Rd2 55. Rxf5 exf5 56. e6 Kc7 57. Ba4 Rxa2 58. Kf8 Re2 59. e7 Kb6
60. Bd7 Ka5 61. e8=Q Rxe8+ 62. Kxe8 Kb4 63. Bxf5 a5 64. Bb1 Kxc4 65. f5 1-0

[Event "Xtracon Chess Open 2019"]
[Site "Helsingor DEN"]
[Date "2019.07.23"]
[Round "5.165"]
[White "Nielsen, Kai Gylling"]
[Black "Starup, Leo"]
[Result "1/2-1/2"]
[WhiteElo "1709"]
[BlackElo "1556"]
[WhiteFideId "1406400"]
[BlackFideId "1422669"]
[EventDate "2019.07.20"]

1. e4 c5 2. Nf3 d6 3. c3 Nf6 4. h3 Qc7 5. Be2 e6 6. O-O Be7 7. d3 O-O 8. Bf4 Nc6
9. Nbd2 e5 10. Bh2 h6 11. Rc1 Be6 12. b3 a6 13. d4 exd4 14. cxd4 cxd4 15. Nxd4
Qb6 16. Nxe6 fxe6 17. Nc4 Qd4 18. Qxd4 Nxd4 19. Rfe1 Rac8 20. Bf3 e5 21. Nb6 Rc6
22. Rxc6 bxc6 23. Bg4 Nxg4 24. hxg4 Bg5 25. Nc4 Rf6 26. f3 Kf7 27. Bg3 Ke6 28.
Nb6 Rf8 29. Bf2 Rb8 30. Nc4 Bf4 31. Rd1 c5 32. Rd3 Bg5 33. g3 Be7 34. Kg2 Bg5
35. f4 exf4 36. Bxd4 cxd4 37. Rxd4 fxg3 38. Kxg3 Be7 39. Rd5 Rf8 40. Ra5 Ra8 41.
Ne3 g6 42. Nd5 Bd8 43. Ra4 Ke5 44. Kf3 Bh4 45. Kg2 Rf8 46. Rxa6 Rf2+ 47. Kg1 Rc2
48. Nb4 Re2 49. Ra8 Kf4 50. Rf8+ 1/2-1/2

[Event "Xtracon Chess Open 2019"]
[Site "Helsingor DEN"]
[Date "2019.07.23"]
[Round "5.166"]
[White "Schick, Matheo"]
[Black "Weersing, Abigail Riis"]
[Result "1/2-1/2"]
[WhiteElo "1451"]
[BlackElo "1709"]
[WhiteFideId "1545280"]
[BlackFideId "460036"]
[EventDate "2019.07.20"]

1. e4 e6 2. Nf3 d5 3. Nc3 c5 4. exd5 exd5 5. Bb5+ Bd7 6. Qe2+ Ne7 7. Nxd5 Bxb5
8. Qxb5+ Nbc6 9. Nc3 Qb6 10. O-O Qxb5 11. Nxb5 O-O-O 12. Ng5 Rd5 13. Nxf7 Rg8
14. Nc3 Rd7 15. Ne4 Nf5 16. Nfg5 h6 17. Nf3 Nb4 18. c3 Nd3 19. a4 c4 20. Rb1 Bc5
21. b3 cxb3 22. Rxb3 Bb6 23. Rb5 Nd6 24. Nxd6+ Rxd6 25. Ba3 Re6 26. a5 Bc7 27.
Nd4 Re4 28. Rfb1 Rge8 29. g3 b6 30. a6 Re1+ 31. Kg2 Rxb1 32. Rxb1 Kd7 33. Rb5
Re5 34. Rxe5 Bxe5 35. Nb5 Bb8 36. Bf8 Nc5 37. Bxg7 h5 38. Kf3 Kc6 39. Nd4+ Kd5
40. h3 Nxa6 41. g4 hxg4+ 42. hxg4 Nc5 43. Ke3 a5 44. d3 a4 45. c4+ Kd6 46. f4
Nd7 47. Kd2 Kc5 48. f5 Ne5 49. Bxe5 Bxe5 50. Nc2 Bf6 51. Kc1 b5 52. cxb5 Kxb5
53. Kb1 Kc5 54. Ka2 Kd5 55. Ka3 Ke5 56. Kxa4 Kf4 57. Kb4 Bg7 58. Kc5 Kxg4 59.
Nd4 Bh8 60. Kd5 Kf4 1/2-1/2

[Event "Xtracon Chess Open 2019"]
[Site "Helsingor DEN"]
[Date "2019.07.23"]
[Round "5.167"]
[White "Wheat, Bob"]
[Black "Joensen, Sigurd"]
[Result "1-0"]
[WhiteElo "1702"]
[BlackElo "1532"]
[WhiteFideId "30913640"]
[BlackFideId "7200935"]
[EventDate "2019.07.20"]

1. e4 e5 2. Nf3 d6 3. d4 exd4 4. Nxd4 Bd7 5. Nc3 Nc6 6. Be3 g6 7. Nxc6 Bxc6 8.
Bd4 f6 9. Bc4 Be7 10. Qe2 Qd7 11. O-O a6 12. a4 O-O-O 13. b4 d5 14. Nxd5 Bxd5
15. exd5 Bxb4 16. c3 Re8 17. Qb2 Bd6 18. Rfb1 c6 19. dxc6 Qxc6 20. Qb3 Re7 21.
Bxg8 Be5 22. Bd5 Qc7 23. Bxe5 fxe5 24. Qc4 Rd8 25. Qxc7+ Rxc7 26. c4 Re7 27. Re1
Rde8 28. Re4 b6 29. a5 Kc7 30. axb6+ Kxb6 31. Rb1+ Kc5 32. Ra1 Rb8 33. f4 Rbe8
34. fxe5 Rxe5 35. Rxe5 Rxe5 36. Rxa6 1-0

[Event "Xtracon Chess Open 2019"]
[Site "Helsingor DEN"]
[Date "2019.07.23"]
[Round "5.168"]
[White "Madison, Sigurd"]
[Black "Gjelstrup, Ole"]
[Result "1-0"]
[WhiteElo "1700"]
[BlackElo "1544"]
[WhiteFideId "1711806"]
[BlackFideId "1413481"]
[EventDate "2019.07.20"]

1. e4 Nf6 2. e5 Nd5 3. d4 d6 4. c4 Nb6 5. exd6 exd6 6. Be2 Be7 7. Nc3 Nc6 8. Be3
Bf5 9. Nf3 O-O 10. O-O Bf6 11. Rc1 Re8 12. a3 g5 13. d5 Ne5 14. Nd4 Bg6 15. b3
a6 16. h3 Qd7 17. Nf3 Nxf3+ 18. Bxf3 Qe7 19. Qd2 Nd7 20. Rfe1 Ne5 21. Be4 Nxc4
22. bxc4 Bxc3 23. Qxc3 Bxe4 24. Bd4 Qf8 25. Qg3 h6 26. h4 f6 27. f4 Qg7 28. fxg5
hxg5 29. Qf2 gxh4 30. Bxf6 Qg4 31. Bxh4 c6 32. Re3 Kh7 33. Rg3 Qd7 34. Qd4 Bf5
35. Bf6 Re4 36. Qd2 Rg8 37. Rxg8 Kxg8 38. Qg5+ Kh7 39. Kf2 1-0